000 00837nam a22001457a 4500
020 _a978-0-099-47294-0
082 _a823
_bCOL/A
100 _aCOLE, STEVE
245 _aASTROSAURS
_bRIDDLE OF THE RAPTORS
260 _aUNITED KINGDOM
_bRED FOX
_c2005
300 _a128
520 _aCaptain Teggs is no ordinary dinosaur - he's an astrosaur! On the incredible spaceship DSS Sauropod, along with his faithful crew, Gypsy, Arx and Iggy, Teggs rights wrongs, fights evil and eats a lot of grass! In this first adventure, the herbivore astrosaurs have to face a fearsome enemy - a band of greedy carnivorous raptors who have kidnapped two athlete dinosaurs from under Tegg's nose. Can the Captain save the dinosaurs, escape from terrifying T-Rexes and still save the Dinosaur Games?
650 _aADVENTURE STORY
_zUNITED KINGDOM
942 _cBK
999 _c6068
_d6068